[Event "Campeonato de Espana por Equipos Sub 16"]
[Site "Benidorm ESP"]
[Date "2010.12.04"]
[Round "1.1"]
[White "Aviol Oliveros, David"]
[Black "Sanchez Ibern, Marc"]
[Result "0-1"]
[WhiteElo "1710"]
[BlackElo "2281"]
[PlyCount "50"]
[EventDate "2010.12.04"]
[EventType "team"]
[EventRounds "6"]
[EventCountry "ESP"]
[Source "lmi"]
[SourceDate "2010.12.04"]

1. d4 Nf6 2. Nf3 b5 3. g3 Bb7 4. Bg2 e6 5. O-O c5 6. c3 a6 7. Nbd2 Qc7 8. Re1
Nc6 9. Nb3 c4 10. Bf4 Qb6 11. Nbd2 Nd5 12. Qc2 Nxf4 13. gxf4 Ne7 14. Nf1 f5 15.
Ne3 Ng6 16. b3 cxb3 17. Qxb3 Nxf4 18. a4 Nxg2 19. Nxg2 Rc8 20. Nd2 Be7 21. e4
fxe4 22. Nxe4 O-O 23. Qb2 Bd5 24. Rab1 Qc6 25. Qc2 bxa4 0-1

[Event "Campeonato de Espana por Equipos Sub 16"]
[Site "Benidorm ESP"]
[Date "2010.12.04"]
[Round "1.2"]
[White "Tallo Dominguez, Imar"]
[Black "Lopez Caudevilla, David"]
[Result "0-1"]
[WhiteElo "2215"]
[BlackElo "1694"]
[PlyCount "82"]
[EventDate "2010.12.04"]
[EventType "team"]
[EventRounds "6"]
[EventCountry "ESP"]
[Source "lmi"]
[SourceDate "2010.12.04"]

1. e4 d6 2. d4 Nf6 3. Nc3 g6 4. Be3 Bg7 5. Qd2 O-O 6. Nf3 Re8 7. h3 Nc6 8. d5
Ne5 9. Nxe5 dxe5 10. O-O-O a6 11. g4 b5 12. g5 Nd7 13. Nb1 Nb6 14. Qa5 Bb7 15.
h4 Qd6 16. Nd2 e6 17. c4 bxc4 18. Nxc4 Nxc4 19. Bxc4 exd5 20. Bxd5 Bxd5 21.
Qxd5 Red8 22. Qc4 Qe7 23. Bc5 Qe8 24. Rxd8 Rxd8 25. Qxa6 Ra8 26. Qc4 Ra4 27. b4
Bf8 28. Kb2 Bxc5 29. Qxc5 Qa8 30. Qc4 c5 31. a3 Rxa3 32. Rd1 Qa4 33. Rd8+ Kg7
34. Rd5 Rf3 35. Rxc5 Qa3+ 36. Kb1 Rb3+ 37. Kc2 Qa2+ 38. Kd1 Rb1+ 39. Qc1 Rxc1+
40. Kxc1 Qa3+ 41. Kd1 Qxb4 0-1

[Event "Campeonato de Espana por Equipos Sub 16"]
[Site "Benidorm ESP"]
[Date "2010.12.04"]
[Round "1.3"]
[White "Leon Dionis, Mateo"]
[Black "Martinez Ramirez, Erik"]
[Result "0-1"]
[WhiteElo "1726"]
[BlackElo "2191"]
[PlyCount "64"]
[EventDate "2010.12.04"]
[EventType "team"]
[EventRounds "6"]
[EventCountry "ESP"]
[Source "lmi"]
[SourceDate "2010.12.04"]

1. d4 Nf6 2. c4 g6 3. Nc3 d5 4. cxd5 Nxd5 5. e4 Nxc3 6. bxc3 Bg7 7. Bc4 c5 8.
Ne2 O-O 9. O-O Nc6 10. Be3 Na5 11. Bd3 b6 12. f3 e5 13. d5 c4 14. Bc2 f5 15.
Qd2 f4 16. Bf2 Nb7 17. Rfd1 Nd6 18. Rab1 g5 19. h3 h5 20. Kf1 Bd7 21. Ng1 Bh6
22. Rb4 Kh7 23. a4 Rg8 24. Qe2 g4 25. hxg4 hxg4 26. fxg4 Bxg4 27. Nf3 Qe8 28.
Bg1 Qh5 29. Ra1 Qh1 30. Qf2 Bxf3 31. Qxf3 Rg3 32. Qf2 Rag8 0-1

[Event "Campeonato de Espana por Equipos Sub 16"]
[Site "Benidorm ESP"]
[Date "2010.12.04"]
[Round "1.4"]
[White "Shatko, Danil"]
[Black "Arbiol Val, Sergio"]
[Result "1-0"]
[WhiteElo "2045"]
[BlackElo "1510"]
[PlyCount "67"]
[EventDate "2010.12.04"]
[EventType "team"]
[EventRounds "6"]
[EventCountry "ESP"]
[Source "lmi"]
[SourceDate "2010.12.04"]

1. d4 d5 2. Nf3 Nf6 3. e3 Bf5 4. c4 e6 5. Qb3 b6 6. Nc3 Nbd7 7. cxd5 exd5 8.
Nxd5 c6 9. Nc3 g6 10. Bc4 Qe7 11. d5 Nc5 12. Qd1 b5 13. Be2 Rd8 14. Nd4 Bd7 15.
dxc6 Bxc6 16. Bxb5 Bxb5 17. Ncxb5 a6 18. Nc3 Bg7 19. b4 Nce4 20. Qa4+ Qd7 21.
Qxd7+ Rxd7 22. Nxe4 Nxe4 23. Bb2 O-O 24. O-O Rb8 25. Rfc1 Rxb4 26. Rc8+ Bf8 27.
Ba3 Rbb7 28. Bxf8 f6 29. Bh6+ Kf7 30. f3 Nd6 31. Rf8+ Ke7 32. Nc6+ Ke6 33. Bf4
Nf5 34. Nd8+ 1-0

[Event "Campeonato de Espana por Equipos Sub 16"]
[Site "Benidorm ESP"]
[Date "2010.12.04"]
[Round "1.7"]
[White "Navaro Lopez-Menchero, Alvaro"]
[Black "Colchero Truniger, Alejandro"]
[Result "0-1"]
[WhiteElo "1413"]
[BlackElo "1516"]
[PlyCount "70"]
[EventDate "2010.12.04"]
[EventType "team"]
[EventRounds "6"]
[EventCountry "ESP"]
[Source "lmi"]
[SourceDate "2010.12.04"]

1. d4 d5 2. Nf3 e6 3. c4 c6 4. g3 Nf6 5. Bg2 Be7 6. O-O O-O 7. Qc2 Nbd7 8. b3
Re8 9. Nbd2 Bd6 10. Bb2 e5 11. dxe5 Nxe5 12. Bxe5 Bxe5 13. Nxe5 Rxe5 14. Nf3
Bf5 15. Qd2 Re7 16. cxd5 Nxd5 17. Nd4 Be4 18. Bxe4 Rxe4 19. Qd3 Nf6 20. Rad1
Qe8 21. Rfe1 Rd8 22. Qc3 Qe5 23. e3 Nd5 24. Qa5 Qe8 25. Qxa7 Nc3 26. Ra1 Rdxd4
27. exd4 Rxe1+ 28. Rxe1 Qxe1+ 29. Kg2 Qe4+ 30. Kh3 h5 31. Qxb7 Ne2 32. f3 Qxf3
33. Qb8+ Kh7 34. Qe5 Ng1+ 35. Kh4 Qg4# 0-1

[Event "Campeonato de Espana por Equipos Sub 16"]
[Site "Benidorm ESP"]
[Date "2010.12.04"]
[Round "1.10"]
[White "Rodriguez Lapetra, Pablo"]
[Black "Diaz Camallonga, Carles"]
[Result "1/2-1/2"]
[WhiteElo "2097"]
[BlackElo "1846"]
[PlyCount "65"]
[EventDate "2010.12.04"]
[EventType "team"]
[EventRounds "6"]
[EventCountry "ESP"]
[Source "lmi"]
[SourceDate "2010.12.04"]

1. e4 e6 2. d4 d5 3. Nc3 Bb4 4. e5 c5 5. a3 Bxc3+ 6. bxc3 Qc7 7. Nf3 Ne7 8. Bd3
b6 9. O-O Ba6 10. Bxa6 Nxa6 11. Qd3 Qb7 12. Rb1 O-O 13. Ng5 Ng6 14. f4 cxd4 15.
cxd4 Nc7 16. Bd2 f6 17. f5 exf5 18. exf6 Rxf6 19. Rxf5 Raf8 20. Rbf1 Rxf5 21.
Rxf5 Qc8 22. Qh3 h6 23. Rxf8+ Qxf8 24. Nf3 Qe7 25. Qg3 Kh7 26. h4 Ne6 27. h5
Ngf8 28. Qe5 Qd7 29. Bb4 Kg8 30. Qf5 Nc5 31. Qf4 Nce6 32. Qf5 Nc5 33. Qf4
1/2-1/2

[Event "Campeonato de Espana por Equipos Sub 16"]
[Site "Benidorm ESP"]
[Date "2010.12.04"]
[Round "1.13"]
[White "Silva Rodriguez, Julio"]
[Black "Gomez Yepes, Angel"]
[Result "1-0"]
[WhiteElo "2094"]
[BlackElo "1872"]
[PlyCount "67"]
[EventDate "2010.12.04"]
[EventType "team"]
[EventRounds "6"]
[EventCountry "ESP"]
[Source "lmi"]
[SourceDate "2010.12.04"]

1. e4 c5 2. Nf3 d6 3. d4 cxd4 4. Nxd4 Nf6 5. Nc3 g6 6. Bc4 Bg7 7. O-O O-O 8.
Re1 Nc6 9. Nb3 a6 10. Bf1 Re8 11. Nd5 Nxd5 12. exd5 Ne5 13. c3 Qc7 14. a4 Bd7
15. h3 b5 16. axb5 Bxb5 17. Bxb5 axb5 18. Rxa8 Rxa8 19. Nd4 Qc4 20. Nc2 Ra2 21.
Nb4 Ra1 22. f4 Bh6 23. g3 Qc5+ 24. Kg2 Nc4 25. Qc2 Nb6 26. Be3 Rxe1 27. Bxc5
dxc5 28. Qd2 Rb1 29. Nd3 Bg7 30. Qc2 Ra1 31. Nxc5 Nc4 32. Qb3 Rb1 33. Nd3 Nd2
34. Qc2 1-0

[Event "Campeonato de Espana por Equipos Sub 16"]
[Site "Benidorm ESP"]
[Date "2010.12.04"]
[Round "1.14"]
[White "Perez Pardo, Adrian Jason"]
[Black "Monotliu Cervero, Francisco"]
[Result "0-1"]
[WhiteElo "1620"]
[BlackElo "2075"]
[PlyCount "82"]
[EventDate "2010.12.04"]
[EventType "team"]
[EventRounds "6"]
[EventCountry "ESP"]
[Source "lmi"]
[SourceDate "2010.12.04"]

1. e4 c5 2. Nf3 d6 3. d4 cxd4 4. Nxd4 Nf6 5. Nc3 g6 6. Be3 Bg7 7. f3 Nc6 8. Bc4
O-O 9. Qd2 Bd7 10. h4 Rc8 11. Bb3 Qa5 12. O-O-O Ne5 13. Nd5 Qxd2+ 14. Rxd2 Rfe8
15. Nxf6+ Bxf6 16. h5 b5 17. hxg6 hxg6 18. Kb1 a5 19. a3 Nc4 20. Bxc4 Rxc4 21.
g4 Rec8 22. g5 Bg7 23. Nb3 Ra8 24. Bd4 Bxd4 25. Nxd4 Kg7 26. Rdh2 Rg8 27. Rh7+
Kf8 28. Nb3 a4 29. Nd2 Rc5 30. f4 e5 31. fxe5 Rxe5 32. Rf1 Be6 33. Rg1 Ke7 34.
b3 Rc8 35. b4 d5 36. exd5 Bf5 37. d6+ Kxd6 38. Rxf7 Re2 39. Rf6+ Ke7 40. Nf3
Rcxc2 41. Nd4 Rb2+ 0-1

[Event "Campeonato de Espana por Equipos Sub 16"]
[Site "Benidorm ESP"]
[Date "2010.12.04"]
[Round "1.15"]
[White "Ballester Llagaria, Luis Eduardo"]
[Black "Perez Pardo, Sergio Ivan"]
[Result "1-0"]
[WhiteElo "2053"]
[BlackElo "1523"]
[PlyCount "51"]
[EventDate "2010.12.04"]
[EventType "team"]
[EventRounds "6"]
[EventCountry "ESP"]
[Source "lmi"]
[SourceDate "2010.12.04"]

1. e4 c5 2. Nf3 e6 3. d4 cxd4 4. Nxd4 Nf6 5. Nc3 a6 6. e5 Nd5 7. Nxd5 exd5 8.
Bd3 Nc6 9. Nf5 d6 10. Nxd6+ Bxd6 11. exd6 Qxd6 12. O-O O-O 13. Qf3 Nb4 14. Bd2
Nxd3 15. Qxd3 Be6 16. Bc3 Qf4 17. Rfe1 Rfe8 18. Re5 Rad8 19. Rae1 Re7 20. Bd2
Qc4 21. Qg3 Red7 22. Bh6 g6 23. Qg5 f5 24. Rxe6 Qd4 25. R6e5 Qb6 26. Re8+ 1-0

[Event "Campeonato de Espana por Equipos Sub 16"]
[Site "Benidorm ESP"]
[Date "2010.12.05"]
[Round "2.1"]
[White "Garcia Rodriguez, Sara"]
[Black "Shatko, Danil"]
[Result "1-0"]
[WhiteElo "1879"]
[BlackElo "2045"]
[PlyCount "99"]
[EventDate "2010.12.04"]
[EventType "team"]
[EventRounds "6"]
[EventCountry "ESP"]
[Source "lmi"]
[SourceDate "2010.12.04"]

1. e4 e6 2. d4 d5 3. Nd2 Nf6 4. e5 Nfd7 5. Bd3 c5 6. c3 Nc6 7. Ne2 cxd4 8. cxd4
f6 9. exf6 Nxf6 10. Nf3 Bd6 11. O-O Qc7 12. Re1 O-O 13. Nc3 a6 14. h3 e5 15.
dxe5 Nxe5 16. Nd4 Nfg4 17. Be3 Qf7 18. hxg4 Bxg4 19. Be2 Qh5 20. f4 Bxe2 21.
Ndxe2 Ng4 22. Qxd5+ Qxd5 23. Nxd5 Nxe3 24. Nxe3 Bc5 25. Nc3 Rxf4 26. Kh2 Bd6
27. Kh3 Rf6 28. Ng4 Rg6 29. Ne4 h5 30. Ne3 Bb4 31. Re2 Ba5 32. Rf1 Bc7 33. Nd5
Bd8 34. Rf5 Rc8 35. Ndc3 h4 36. Ref2 Bb6 37. R2f4 Re8 38. Rg4 Rxg4 39. Kxg4 Bd8
40. Ng5 b5 41. a3 Bf6 42. Nge4 Be5 43. Kxh4 a5 44. b4 axb4 45. axb4 g6 46. Rf3
Rd8 47. Kg5 Rd4 48. Kxg6 Rxb4 49. Nd5 Rxe4 50. Ne7+ 1-0

[Event "Campeonato de Espana por Equipos Sub 16"]
[Site "Benidorm ESP"]
[Date "2010.12.05"]
[Round "2.2"]
[White "Martinez Ramirez, Erik"]
[Black "Capote Robayna, Nathaniel"]
[Result "1-0"]
[WhiteElo "2191"]
[BlackElo "1933"]
[PlyCount "77"]
[EventDate "2010.12.04"]
[EventType "team"]
[EventRounds "6"]
[EventCountry "ESP"]
[Source "lmi"]
[SourceDate "2010.12.04"]

1. e4 e6 2. d4 d5 3. e5 c5 4. c3 Nc6 5. Nf3 Qb6 6. Bd3 Nh6 7. O-O cxd4 8. cxd4
Nf5 9. Bxf5 exf5 10. Nc3 Be6 11. b3 Be7 12. Re1 O-O 13. Ne2 Rac8 14. a3 Na5 15.
Rb1 Nc4 16. b4 a5 17. Nf4 Ra8 18. Nd3 axb4 19. axb4 Qb5 20. Qb3 b6 21. Re2 f4
22. Bxf4 Ra3 23. Qd1 Bf5 24. Nfe1 Rfa8 25. Bc1 R3a4 26. Rb3 Bxb4 27. Nc2 Bxd3
28. Qxd3 Qa5 29. e6 fxe6 30. Qh3 Ra1 31. Qxe6+ Kh8 32. Nxa1 Qxa1 33. Rxb4 Qxc1+
34. Re1 Qf4 35. Qe8+ Qf8 36. Qxf8+ Rxf8 37. Re7 Rd8 38. g3 Kg8 39. Ra4 1-0

[Event "Campeonato de Espana por Equipos Sub 16"]
[Site "Benidorm ESP"]
[Date "2010.12.05"]
[Round "2.3"]
[White "Acosta Sosa, Juan Manuel"]
[Black "Tallo Dominguez, Imar"]
[Result "0-1"]
[WhiteElo "2011"]
[BlackElo "2215"]
[PlyCount "70"]
[EventDate "2010.12.04"]
[EventType "team"]
[EventRounds "6"]
[EventCountry "ESP"]
[Source "lmi"]
[SourceDate "2010.12.04"]

1. c4 Nf6 2. Nc3 c5 3. g3 Nc6 4. Bg2 g6 5. a3 Bg7 6. Rb1 O-O 7. b4 cxb4 8. axb4
d6 9. d3 e5 10. e3 Rb8 11. Nge2 Be6 12. Nd5 Ne7 13. Nxe7+ Qxe7 14. Bb2 b5 15.
cxb5 Rxb5 16. Qd2 Rfb8 17. Ba3 d5 18. O-O a5 19. Nc3 R5b7 20. Na2 Ne8 21. Qc1
Bf8 22. Bb2 axb4 23. Bxe5 Rc8 24. Qb2 Bf5 25. Rfd1 b3 26. Nc1 Rc2 27. Qd4 Rb4
28. Qxd5 Rc5 29. Qa8 Rxe5 30. Rxb3 Nc7 31. Qa1 Reb5 32. Rxb4 Qxb4 33. Qa2 Qb1
34. Qc4 Rc5 35. Qa2 Bxd3 0-1

[Event "Campeonato de Espana por Equipos Sub 16"]
[Site "Benidorm ESP"]
[Date "2010.12.05"]
[Round "2.4"]
[White "Sanchez Ibern, Marc"]
[Black "Rodriguez Ferraz, Borja"]
[Result "1-0"]
[WhiteElo "2281"]
[BlackElo "2012"]
[PlyCount "55"]
[EventDate "2010.12.04"]
[EventType "team"]
[EventRounds "6"]
[EventCountry "ESP"]
[Source "lmi"]
[SourceDate "2010.12.04"]

1. e4 e5 2. Nf3 Nc6 3. d4 exd4 4. Nxd4 Nf6 5. Nxc6 bxc6 6. e5 Qe7 7. Qe2 Nd5 8.
c4 Ba6 9. b3 g5 10. g3 Bg7 11. Bb2 O-O-O 12. Nd2 Nb4 13. Kd1 c5 14. Bg2 Bb7 15.
Bxb7+ Kxb7 16. Re1 Rhe8 17. Qe4+ Nc6 18. f4 h6 19. Kc2 Kb8 20. Rad1 f6 21. exf6
Qd6 22. Be5 Nb4+ 23. Kc1 Nd3+ 24. Kb1 Nxe1 25. Bxd6 Rxe4 26. Nxe4 cxd6 27. fxg7
Nf3 28. Nf6 1-0

[Event "Campeonato de Espana por Equipos Sub 16"]
[Site "Benidorm ESP"]
[Date "2010.12.05"]
[Round "2.7"]
[White "Buiza Prieto, Aizbeltz"]
[Black "Navarro Lopez-Menchero, Daniel"]
[Result "1-0"]
[WhiteElo "1872"]
[BlackElo "2098"]
[PlyCount "37"]
[EventDate "2010.12.04"]
[EventType "team"]
[EventRounds "6"]
[EventCountry "ESP"]
[Source "lmi"]
[SourceDate "2010.12.04"]

1. e4 c5 2. Nf3 e6 3. d4 cxd4 4. Nxd4 a6 5. Be2 Qc7 6. O-O b5 7. Bf3 Bb7 8. Nc3
Nc6 9. Nxc6 dxc6 10. Qe2 Bd6 11. g3 Ne7 12. Bg2 e5 13. Be3 O-O 14. f4 b4 15.
Na4 a5 16. Qf2 Ba6 17. Rfd1 Nc8 18. Bh3 Rb8 19. fxe5 1-0

[Event "Campeonato de Espana por Equipos Sub 16"]
[Site "Benidorm ESP"]
[Date "2010.12.05"]
[Round "2.8"]
[White "Navaro Lopez-Menchero, Alvaro"]
[Black "Abascal Lozano, Ivan"]
[Result "1-0"]
[WhiteElo "1413"]
[BlackElo "1737"]
[PlyCount "126"]
[EventDate "2010.12.04"]
[EventType "team"]
[EventRounds "6"]
[EventCountry "ESP"]
[Source "lmi"]
[SourceDate "2010.12.04"]

1. d4 Nf6 2. Nf3 g6 3. c4 Bg7 4. g3 d6 5. Bg2 O-O 6. O-O Nbd7 7. Re1 e5 8. e3
c6 9. Nc3 Ne8 10. d5 Nb6 11. Qe2 cxd5 12. cxd5 f5 13. e4 Nc7 14. Bg5 Qe8 15.
Qd2 Qf7 16. exf5 Bxf5 17. Nh4 Kh8 18. Rf1 Rae8 19. Nxf5 Qxf5 20. Be4 Qd7 21.
Bh6 Re7 22. Bxg7+ Kxg7 23. Rad1 Ne8 24. b3 Nf6 25. Kg2 Rc8 26. f3 Rf7 27. Qd3
Rh8 28. Qb5 Qd8 29. Na4 Nxa4 30. Qxa4 a6 31. Qc4 h5 32. Bb1 Rc7 33. Qd3 Qe8 34.
Rc1 Rd7 35. Rc8 Qf7 36. Rxh8 Kxh8 37. Qxg6 Qxg6 38. Bxg6 Nxd5 39. Rc1 Nf6 40.
Be4 Nxe4 41. fxe4 Kg7 42. Rc2 Kf6 43. Rf2+ Ke6 44. Rd2 Rf7 45. h3 Rg7 46. Kf3
Rf7+ 47. Kg2 Ke7 48. g4 Rf4 49. gxh5 Rxe4 50. Kg3 Rf4 51. h4 Ke6 52. a3 d5 53.
a4 d4 54. a5 Kd5 55. Rf2 d3 56. h6 Ke4 57. h7 d2 58. Re2+ Kd3 59. Rxd2+ Kxd2
60. h8=Q Re4 61. Qd8+ Ke3 62. Qb6+ Rd4 63. h5 Kd2 1-0

[Event "Campeonato de Espana por Equipos Sub 16"]
[Site "Benidorm ESP"]
[Date "2010.12.05"]
[Round "2.9"]
[White "Meneses Gonzalez, Kevin Moises"]
[Black "Talavera Garcia, Santiago"]
[Result "1-0"]
[WhiteElo "2168"]
[BlackElo "1908"]
[PlyCount "94"]
[EventDate "2010.12.04"]
[EventType "team"]
[EventRounds "6"]
[EventCountry "ESP"]
[Source "lmi"]
[SourceDate "2010.12.04"]

1. e4 e6 2. d4 c5 3. Nf3 cxd4 4. Nxd4 Nf6 5. Nc3 Nc6 6. Ndb5 d6 7. Bf4 e5 8.
Bg5 a6 9. Na3 b5 10. Bxf6 gxf6 11. Nd5 Be6 12. c3 f5 13. Bd3 Bg7 14. Qf3 Bxd5
15. exd5 e4 16. Qxf5 exd3 17. dxc6 Qe7+ 18. Kf1 Qe2+ 19. Kg1 O-O 20. Rf1 Rfe8
21. Nb1 Qxb2 22. g3 d2 23. Qd3 Re1 24. Nxd2 Rxf1+ 25. Kxf1 Rc8 26. Ne4 Qxa2 27.
Nxd6 Rxc6 28. Nf5 Qc4 29. Ke2 Qxd3+ 30. Kxd3 Rxc3+ 31. Ke4 Bf6 32. Re1 b4 33.
Kd5 h5 34. Re8+ Kh7 35. Nd6 Rd3+ 36. Kc6 b3 37. Ne4 Ba1 38. Rb8 b2 39. Kc5 Rd8
40. Rb6 Rc8+ 41. Kd5 Rc1 42. Nf6+ Kh8 43. Rb8+ Kg7 44. Nxh5+ Kh6 45. Rh8+ Kg6
46. g4 b1=Q 47. Rg8+ Kh7 1-0

[Event "Campeonato de Espana por Equipos Sub 16"]
[Site "Benidorm ESP"]
[Date "2010.12.05"]
[Round "2.10"]
[White "Piriz Fernandez, Daniel"]
[Black "Rodriguez Lapetra, Pablo"]
[Result "0-1"]
[WhiteElo "1907"]
[BlackElo "2097"]
[PlyCount "70"]
[EventDate "2010.12.04"]
[EventType "team"]
[EventRounds "6"]
[EventCountry "ESP"]
[Source "lmi"]
[SourceDate "2010.12.04"]

1. d4 Nf6 2. Nf3 g6 3. g3 Bg7 4. Bg2 d5 5. O-O O-O 6. c4 dxc4 7. Nbd2 c5 8.
Nxc4 Nc6 9. dxc5 Ne4 10. Nfe5 Nxe5 11. Qxd8 Rxd8 12. Nxe5 Nxc5 13. Be3 Na4 14.
Nc4 Bg4 15. Rfe1 Rac8 16. Rac1 b5 17. Na3 b4 18. Rc4 Rxc4 19. Nxc4 Nxb2 20.
Nxb2 Bxb2 21. Bxa7 Be6 22. Bc5 Bc3 23. Rc1 Bxa2 24. Bxe7 Re8 25. Bc5 b3 26. Ba3
b2 27. Bxb2 Bxb2 28. Rc2 Rb8 29. Rc7 Be6 30. Rb7 Rc8 31. Bf1 Rc1 32. h4 Bf6 33.
Rb8+ Kg7 34. Kg2 h5 35. e3 Bd5+ 0-1

[Event "Campeonato de Espana por Equipos Sub 16"]
[Site "Benidorm ESP"]
[Date "2010.12.05"]
[Round "2.11"]
[White "Nortes Hernandez, Pedro"]
[Black "Simon Escalona, Jorge"]
[Result "1-0"]
[WhiteElo "2045"]
[BlackElo "1734"]
[PlyCount "137"]
[EventDate "2010.12.04"]
[EventType "team"]
[EventRounds "6"]
[EventCountry "ESP"]
[Source "lmi"]
[SourceDate "2010.12.04"]

1. e4 e5 2. Nf3 Nc6 3. Bb5 a6 4. Ba4 Nf6 5. d3 d6 6. O-O b5 7. Bb3 Be7 8. c3
Na5 9. Bc2 c5 10. Re1 O-O 11. h3 h6 12. Nbd2 Qc7 13. Nf1 Bd7 14. Ne3 Rfe8 15.
g4 Rab8 16. Kh2 Qd8 17. Rg1 Nh7 18. Nf5 Bxf5 19. gxf5 Kh8 20. b4 cxb4 21. cxb4
Nc6 22. Bb3 Rf8 23. a3 Bf6 24. Be3 Rc8 25. Rc1 Qd7 26. Qe2 Qe7 27. Bd5 Nd4 28.
Nxd4 exd4 29. Bd2 Qd7 30. f4 Rfe8 31. Qh5 Rxc1 32. Rxc1 Rf8 33. Rc6 Bd8 34. Qd1
Nf6 35. Qb3 Be7 36. Rc1 Bd8 37. Bc6 Qe7 38. Be1 Nh5 39. Qd1 Nxf4 40. Qf3 g5 41.
Bg3 Bc7 42. Bxf4 gxf4 43. Bd5 Bd8 44. Qxf4 Qg5 45. Qxg5 Bxg5 46. Rc7 Bf4+ 47.
Kg2 Rg8+ 48. Kf3 Be5 49. Rxf7 Rg3+ 50. Ke2 Rxh3 51. Be6 Rh2+ 52. Kd1 Rh1+ 53.
Kc2 Rh2+ 54. Kd1 Rh1+ 55. Ke2 Rh2+ 56. Kf1 Rh1+ 57. Kg2 Rh2+ 58. Kg1 Rd2 59. f6
Bxf6 60. Rxf6 Rxd3 61. Bf5 Rxa3 62. Rxh6+ Kg7 63. Rxd6 d3 64. Kf2 Rb3 65. Rxa6
Rxb4 66. Ke3 Rb3 67. Rd6 b4 68. Rxd3 Ra3 69. Rxa3 1-0

[Event "Campeonato de Espana por Equipos Sub 16"]
[Site "Benidorm ESP"]
[Date "2010.12.05"]
[Round "2.12"]
[White "Valencia De Loma, Sergio"]
[Black "Molina Rodriguez, Borja"]
[Result "0-1"]
[WhiteElo "1581"]
[BlackElo "2039"]
[PlyCount "74"]
[EventDate "2010.12.04"]
[EventType "team"]
[EventRounds "6"]
[EventCountry "ESP"]
[Source "lmi"]
[SourceDate "2010.12.04"]

1. e4 c5 2. c4 Nc6 3. Nc3 g6 4. g3 Bg7 5. Nge2 d6 6. h3 f5 7. d3 Nf6 8. Bg2 O-O
9. O-O e5 10. Bg5 h6 11. Be3 Be6 12. Kh2 Qd7 13. Rc1 Nd4 14. Qd2 Kh7 15. f4 Nh5
16. b3 Rf7 17. exf5 Nxf5 18. Ne4 Raf8 19. Bxc5 exf4 20. gxf4 dxc5 21. Nxc5 Qe7
22. Nxe6 Qxe6 23. Bd5 Qd6 24. Bxf7 Rxf7 25. Rf2 g5 26. Rcf1 gxf4 27. Nxf4 Be5
28. Kg2 Nxf4+ 29. Rxf4 Bxf4 30. Qxf4 Qxd3 31. Re1 Qc2+ 32. Kh1 Rg7 33. Qf3 Ng3+
34. Kg1 Ne4+ 35. Kh1 Nf2+ 36. Kh2 Ng4+ 37. Kg1 Ne5+ 0-1

[Event "Campeonato de Espana por Equipos Sub 16"]
[Site "Benidorm ESP"]
[Date "2010.12.05"]
[Round "2.13"]
[White "Segara Martinez, Axel"]
[Black "Silva Rodriguez, Julio"]
[Result "1-0"]
[WhiteElo "1972"]
[BlackElo "2094"]
[PlyCount "95"]
[EventDate "2010.12.04"]
[EventType "team"]
[EventRounds "6"]
[EventCountry "ESP"]
[Source "lmi"]
[SourceDate "2010.12.04"]

1. e4 e6 2. d4 d5 3. Nd2 Nf6 4. e5 Nfd7 5. Bd3 c5 6. c3 Nc6 7. Ne2 cxd4 8. cxd4
f6 9. exf6 Nxf6 10. Nf3 Qc7 11. O-O Bd6 12. Bg5 O-O 13. Bh4 Nh5 14. Qc2 h6 15.
Bh7+ Kh8 16. Bg6 Rxf3 17. gxf3 Bxh2+ 18. Kh1 Nf4 19. Rad1 Bd7 20. Kxh2 Nxe2+
21. Bg3 Nxg3 22. fxg3 Qb6 23. Qd2 Ne7 24. Bb1 Rc8 25. Kg2 Qd6 26. g4 Rf8 27.
Rh1 Qf4 28. Qxf4 Rxf4 29. Kg3 Rf8 30. g5 Nf5+ 31. Bxf5 Rxf5 32. gxh6 Bc6 33.
Rde1 Rf6 34. hxg7+ Kxg7 35. Kf2 Bd7 36. Reg1+ Rg6 37. Ke3 Rxg1 38. Rxg1+ Kf6
39. Kf4 a5 40. Rg8 a4 41. Rf8+ Ke7 42. Rb8 Kd6 43. Rxb7 Be8 44. Ra7 Bb5 45. Ra5
Be8 46. Ra6+ Bc6 47. b4 axb3 48. axb3 1-0

[Event "Campeonato de Espana por Equipos Sub 16"]
[Site "Benidorm ESP"]
[Date "2010.12.05"]
[Round "2.14"]
[White "Monotliu Cervero, Francisco"]
[Black "Chakrian, Tigran"]
[Result "1-0"]
[WhiteElo "2075"]
[BlackElo "1846"]
[PlyCount "45"]
[EventDate "2010.12.04"]
[EventType "team"]
[EventRounds "6"]
[EventCountry "ESP"]
[Source "lmi"]
[SourceDate "2010.12.04"]

1. e4 c5 2. Nf3 Nc6 3. d4 cxd4 4. Nxd4 Nf6 5. Nc3 e6 6. Ndb5 Bb4 7. a3 Bxc3+ 8.
Nxc3 d5 9. exd5 exd5 10. Bd3 O-O 11. O-O h6 12. Bf4 a6 13. Re1 Bg4 14. Qd2 d4
15. Ne2 Bxe2 16. Rxe2 Nd5 17. Bxh6 gxh6 18. Qxh6 Nf6 19. Rae1 Qd6 20. Bh7+ Kh8
21. Bf5+ Kg8 22. Re4 Ne5 23. Rh4 1-0

[Event "Campeonato de Espana por Equipos Sub 16"]
[Site "Benidorm ESP"]
[Date "2010.12.05"]
[Round "2.15"]
[White "Martinez De Lejarza, Ignacio"]
[Black "Ballester Llagaria, Luis Eduardo"]
[Result "0-1"]
[WhiteElo "1751"]
[BlackElo "2053"]
[PlyCount "100"]
[EventDate "2010.12.04"]
[EventType "team"]
[EventRounds "6"]
[EventCountry "ESP"]
[Source "lmi"]
[SourceDate "2010.12.04"]

1. d4 e6 2. Nf3 c5 3. c3 Nc6 4. e3 Nf6 5. Bd3 d5 6. Ne5 Bd6 7. f4 O-O 8. Nd2
Nd7 9. Qh5 f5 10. g4 Nf6 11. Qh3 Bxe5 12. fxe5 Nxg4 13. Nf3 Qe8 14. Rg1 Qg6 15.
Qg2 Ne7 16. Nh4 Qh6 17. Qg3 Nxe3 18. Bxe3 f4 19. Bd2 c4 20. Bc2 fxg3 21. Bxh6
gxh6 22. Rxg3+ Kh8 23. Ke2 Bd7 24. Rf1 Rxf1 25. Kxf1 Rf8+ 26. Ke2 Be8 27. Ke3
Bh5 28. Rg1 b6 29. Ba4 Ng6 30. Nxg6+ hxg6 31. Bd7 Rf3+ 32. Kd2 Rf2+ 33. Kc1 g5
34. Bxe6 Bf3 35. h4 gxh4 36. Bf5 Be2 37. Rh1 Rxf5 38. Rxh4 h5 39. Rh1 Rf1+ 40.
Rxf1 Bxf1 41. Kd2 Kg7 42. Ke1 Bh3 43. Kf2 Be6 44. Kg3 Kg6 45. Kh4 Kh6 46. b3 b5
47. b4 Kg6 48. Kg3 Kg5 49. Kf3 h4 50. a3 a6 0-1

[Event "Campeonato de Espana por Equipos Sub 16"]
[Site "Benidorm ESP"]
[Date "2010.12.05"]
[Round "2.16"]
[White "Nieves Cabanes, Javier"]
[Black "Guillem Mora, Carlos"]
[Result "1-0"]
[WhiteElo "1851"]
[BlackElo "1659"]
[PlyCount "59"]
[EventDate "2010.12.04"]
[EventType "team"]
[EventRounds "6"]
[EventCountry "ESP"]
[Source "lmi"]
[SourceDate "2010.12.04"]

1. d4 Nf6 2. c4 g6 3. Nc3 Bg7 4. e4 d6 5. Be2 O-O 6. g4 e5 7. d5 Na6 8. g5 Ne8
9. h4 f5 10. gxf6 Qxf6 11. f3 Bd7 12. Be3 c6 13. Qd2 Nac7 14. h5 a6 15. hxg6
Qxg6 16. O-O-O b5 17. dxc6 Bxc6 18. Nh3 b4 19. Nd5 Nxd5 20. cxd5 Bb5 21. Rdg1
Qf7 22. Ng5 Qc7+ 23. Kb1 Bxe2 24. Qxe2 Qb7 25. Ne6 Rf7 26. Qh2 Nf6 27. Bg5 Kh8
28. Nxg7 Kxg7 29. Qh6+ Kh8 30. Bxf6+ 1-0

[Event "Campeonato de Espana por Equipos Sub 16"]
[Site "Benidorm ESP"]
[Date "2010.12.06"]
[Round "3.1"]
[White "Silva Rodriguez, Julio"]
[Black "Sanchez Ibern, Marc"]
[Result "1/2-1/2"]
[WhiteElo "2094"]
[BlackElo "2281"]
[PlyCount "48"]
[EventDate "2010.12.04"]
[EventType "team"]
[EventRounds "6"]
[EventCountry "ESP"]
[Source "lmi"]
[SourceDate "2010.12.04"]

1. e4 c5 2. Nf3 Nc6 3. d4 cxd4 4. Nxd4 e5 5. Nb5 d6 6. g3 a6 7. N5c3 b5 8. Bg2
h6 9. O-O Nf6 10. h3 Be7 11. Re1 O-O 12. a4 b4 13. Nd5 Nxd5 14. exd5 Na5 15.
Re4 Rb8 16. Bd2 b3 17. Rb4 Rxb4 18. Bxb4 bxc2 19. Qxc2 Nb7 20. Nd2 f5 21. Qc6
a5 22. Ba3 e4 23. Nc4 Bf6 24. Rc1 Bd4 1/2-1/2